Chemistry Dictionary/ (Record no. 204757)

MARC details
000 -LEADER
fixed length control field 00593 a2200205 4500
005 - DATE AND TIME OF LATEST TRANSACTION
control field 20240802145544.0
010 ## - LCCN (DPL NO)
LC control number ENG-141154
020 ## - INTERNATIONAL STANDARD BOOK NUMBER
Terms of availability 300.00
035 ## - SYSTEM CONTROL NUMBER
System control number EN-124686
037 ## - SOURCE OF ACQUISITION
Source of stock number/acquisition DBAD
082 ## - DEWEY DECIMAL CLASSIFICATION NUMBER
Classification number 808.88
Edition number 1
245 ## - TITLE STATEMENT
Title Chemistry Dictionary/
Statement of responsibility, etc Edited by Gopu Ramu
250 ## - EDITION STATEMENT
Edition statement 1
260 ## - PUBLICATION, DISTRIBUTION, ETC. (IMPRINT)
Place of publication, distribution, etc Vijayawada
Name of publisher, distributor, etc Navaratna Book House
Date of publication, distribution, etc 2023
270 ## - ADDRESS
Address 28-22-20, Rahiman Street, Arundel Pet,
City Vijayawada
Postal code 520002
Telephone number 08662432813
300 ## - PHYSICAL DESCRIPTION
Extent 224p.
Dimensions 22cm.(pbk)
500 ## - GENERAL NOTE
General note English-English
700 ## - ADDED ENTRY--PERSONAL NAME
9 (RLIN) 9757
Personal name Ramu, Gopu
942 ## - ADDED ENTRY ELEMENTS (KOHA)
Institution code [OBSOLETE] dpl
Item type English Books
Source of classification or shelving scheme Dewey Decimal Classification
Call number suffix CHE
Classification part 540.3
Holdings
Withdrawn status Lost status Not for loan Collection code Home library Current library Date acquired Source of acquisition Cost, normal purchase price Full call number Barcode Copy number Cost, replacement price Koha item type
      Non-fiction Central Library Central Library 02/08/2024 Delivery of Books Act Division 300.00 CHE 540.3 EN-124686 1 300.00 English Books

© Delhi Public Library
Hit Counter
free hit counter